| 000 | 00830nam a2200217 a 4500 | ||
|---|---|---|---|
| 001 | 000007860 | ||
| 005 | 20260421192941.0 | ||
| 008 | 090911s2000 dr 000 0 spa d | ||
| 040 |
_aDO-SdBNP _bspa _cBNPHU |
||
| 082 |
_a343.034 _bR426a |
||
| 110 | 1 |
_aRepública Dominicana. _bContraloría General de la República _921624 |
|
| 245 | 1 | 0 |
_aAspectos básicos de la contabilidad y auditoría municipal / _cprólogo Haivanjoe NG Cortiñas. |
| 260 |
_aSanto Domingo : _bContraloría General de la República, _c2000. |
||
| 300 |
_a69 p. ; _c23 cm. |
||
| 590 | _aInventariado, 2018/VM | ||
| 650 | 4 |
_aHacienda municipal _xContabilidad _921625 |
|
| 650 | 4 |
_aContabilidad _xFormularios _921626 |
|
| 650 | 0 |
_aAuditoria administrativa _921627 |
|
| 700 | 1 | 2 |
_aNg Cortiñas, Haivanjoe _epról. _921599 |
| 910 | _aValidado. Control de calidad EMS. | ||
| 999 |
_c7638 _d7638 |
||